000 00377nam a2200133Ia 4500
005 20260328104322.0
008 260328s9999||||xx |||||||||||||| ||und||
100 _aJuvarra, Filippo
245 0 _aFilippo Juvarra 1678-1736 de Mesina al Palacio Real de Madrid . /
_cFilippo Juvarra
260 _bMinisterio de Cultura
300 _a487 p.
650 _aARQUITECTOS
942 _cBK
999 _c11382
_d11382